000 00724nac a22001931u 4500
010 _a 97009975
020 _a0138581010 (hardcover)
082 0 0 _a337.09049
_bS1828
090 _c4368
_d4368
100 _aSalvatore, Dominick.
245 1 0 _aInternational economics /
_cDominick Salvatore.
250 _a6th ed.
260 _aUpper Saddle River, N.J. :
_bPrentice Hall,1998
_cc1998.
300 _axxxiv, 766 p. :
_bill. ;
_c24 cm.
504 _aIncludes bibliographical references and indexes.
650 0 _aInternational economic relations.
942 _cBB
_k337.09049S1828
999 _c4368
_d4368